[Event "V. Solinger Karnevals-Open"]
[Site "Solingen"]
[Date "2014.02.28"]
[Round "1.1"]
[White "Mladenov, Svetlin"]
[Black "Kaplun, David"]
[Result "1-0"]
[WhiteElo "2471"]
[BlackElo "1796"]
[PlyCount "51"]
[EventDate "2014.??.??"]
[WhiteTeam "SV Wattenscheid 1930"]
[BlackTeam "Düsseldorfer SK 14/25 e."]

1. e4 c5 2. Nf3 e6 3. d4 cxd4 4. Nxd4 a6 5. Nc3 Qc7 6. Be2 Nc6 7. O-O Nf6 8.
Kh1 Bb4 9. Nxc6 Qxc6 10. e5 Bxc3 11. bxc3 Qxc3 12. exf6 Qxa1 13. fxg7 Qxg7 14.
Qd6 Qf8 15. Qd4 Rg8 16. Bf3 a5 17. Bf4 Qb4 18. c4 Ra6 19. Qd3 Rg6 20. Rb1 Qc5
21. Be3 Qe5 22. c5 d5 23. cxd6 Qxd6 24. Qc3 Ra8 25. Rd1 Qb4 26. Qh8+ 1-0

[Event "V. Solinger Karnevals-Open"]
[Site "Solingen"]
[Date "2014.02.28"]
[Round "1.2"]
[White "Runte, Dirk"]
[Black "Inkiov, Ventzislav"]
[Result "0-1"]
[WhiteElo "1776"]
[BlackElo "2419"]
[PlyCount "74"]
[EventDate "2014.??.??"]
[WhiteTeam "SV Fideler Bauer Lever"]

1. d4 Nf6 2. c4 e6 3. g3 d5 4. Bg2 dxc4 5. Nf3 Nc6 6. O-O Rb8 7. a4 Bb4 8. Qc2
Qd5 9. Nc3 Qf5 10. e4 Qa5 11. e5 Nd5 12. Na2 c3 13. bxc3 Bxc3 14. Bd2 Bxd2 15.
Nxd2 Nxd4 16. Qd3 c5 17. Nc4 Qa6 18. Nd6+ Ke7 19. Qe4 Qe2 20. Qh4+ f6 21. Nxc8+
Rbxc8 22. exf6+ Nxf6 23. Qf4 Qh5 24. Rae1 Ne2+ 25. Rxe2 Qxe2 26. Nc3 Qd3 27.
Nb5 c4 28. Re1 Rhd8 29. Qe5 Kf8 30. Bxb7 Rb8 31. Qc5+ Kg8 32. Bg2 Rbc8 33. Qxa7
c3 34. Bh3 c2 35. Bxe6+ Kh8 36. Bxc8 Qd1 37. Qa5 Qxe1+ 0-1

[Event "V. Solinger Karnevals-Open"]
[Site "Solingen"]
[Date "2014.02.28"]
[Round "1.3"]
[White "Schleining, Zoya"]
[Black "Krieger, Alexander"]
[Result "1-0"]
[WhiteElo "2362"]
[BlackElo "1737"]
[PlyCount "61"]
[EventDate "2014.??.??"]
[WhiteTeam "Düsseldorfer SK 14/25 e."]
[BlackTeam "Schach-Klub Tönsberg Oerlinghaus"]

1. Nf3 Nf6 2. g3 g6 3. Bg2 Bg7 4. c4 d5 5. cxd5 Nxd5 6. O-O O-O 7. Nc3 Nb6 8.
d4 c6 9. h3 N8d7 10. e4 c5 11. d5 Ne5 12. Nxe5 Bxe5 13. Be3 Nc4 14. Bh6 Re8 15.
Qe2 Nd6 16. Be3 Qa5 17. f4 Bg7 18. e5 Nf5 19. Bf2 b6 20. Qb5 Qxb5 21. Nxb5 Ba6
22. a4 Rad8 23. Rad1 f6 24. Nc7 Bb7 25. Nxe8 Rxe8 26. g4 Nd4 27. Bxd4 cxd4 28.
e6 f5 29. d6 Bxg2 30. d7 Bc6 31. Rc1 1-0

[Event "V. Solinger Karnevals-Open"]
[Site "Solingen"]
[Date "2014.02.28"]
[Round "1.4"]
[White "Falge, Rainer"]
[Black "Berg, Michael"]
[Result "0-1"]
[WhiteElo "1732"]
[BlackElo "2303"]
[PlyCount "62"]
[EventDate "2014.??.??"]
[WhiteTeam "SG Solingen e.V."]
[BlackTeam "SG Solingen e.V."]

1. e4 c5 2. Nf3 d6 3. d4 cxd4 4. Nxd4 Nf6 5. Nc3 Nc6 6. Nf3 g6 7. e5 Nxe5 8.
Nxe5 dxe5 9. Qxd8+ Kxd8 10. Bg5 Be6 11. Bd3 Kc7 12. Nb5+ Kc6 13. a4 a6 14. Nc3
Nd5 15. Bd2 f5 16. O-O Nb4 17. Rac1 Rd8 18. Rfd1 Nxd3 19. cxd3 Bb3 20. Ne4+ Kd5
21. Rc5+ Ke6 22. Ng5+ Kf6 23. Re1 Rxd3 24. Nf3 e4 25. Bg5+ Ke6 26. Re5+ Kd7 27.
Rxe7+ Bxe7 28. Ne5+ Kd6 29. Bf4 g5 30. Nf7+ Ke6 31. Nxg5+ Bxg5 0-1

[Event "V. Solinger Karnevals-Open"]
[Site "Solingen"]
[Date "2014.02.28"]
[Round "1.5"]
[White "Marcziter, Dmitrii"]
[Black "Peters, Jens"]
[Result "1-0"]
[WhiteElo "2277"]
[BlackElo "1723"]
[PlyCount "67"]
[EventDate "2014.??.??"]
[WhiteTeam "DJK Aufwärts St. Josef Aachen 19"]
[BlackTeam "SK Xanten e.V."]

1. d4 Nf6 2. Nf3 e6 3. c4 Bb4+ 4. Nc3 Nc6 5. Qc2 O-O 6. a3 Bxc3+ 7. Qxc3 d6 8.
b4 Qe7 9. Bb2 Ne4 10. Qc2 Nf6 11. b5 Nd8 12. g3 c6 13. Bg2 Bd7 14. a4 Rc8 15.
Qb3 d5 16. Ba3 dxc4 17. Qxc4 cxb5 18. Qxc8 Qxa3 19. Rxa3 Bxc8 20. axb5 a6 21.
bxa6 bxa6 22. Ne5 Nd5 23. O-O f6 24. Nd3 Nc6 25. e3 a5 26. Rc1 Ncb4 27. Nc5 Ba6
28. Nxa6 Nxa6 29. Bxd5 exd5 30. Rxa5 Nb4 31. Rb1 Nc6 32. Rxd5 Kf7 33. Rd7+ Kg6
34. Rbb7 1-0

[Event "V. Solinger Karnevals-Open"]
[Site "Solingen"]
[Date "2014.02.28"]
[Round "1.6"]
[White "Nink, Niklas"]
[Black "Peters, Alex"]
[Result "0-1"]
[WhiteElo "1720"]
[BlackElo "2212"]
[PlyCount "74"]
[EventDate "2014.??.??"]
[WhiteTeam "SG Solingen e.V."]
[BlackTeam "Brühler SK 1920 e.V."]

1. e4 Nf6 2. e5 Nd5 3. d4 d6 4. f4 Bf5 5. c4 Nb6 6. Nf3 dxe5 7. fxe5 e6 8. Be2
Nc6 9. O-O Bg4 10. Be3 Be7 11. Nc3 Qd7 12. Qd2 O-O-O 13. Rad1 f5 14. c5 Nd5 15.
Nxd5 Qxd5 16. b4 Bxf3 17. Rxf3 Rhg8 18. b5 Nb8 19. Qa5 a6 20. bxa6 Nxa6 21.
Bxa6 bxa6 22. Qxa6+ Kd7 23. Qb5+ Qc6 24. a4 Ra8 25. Qxc6+ Kxc6 26. Ra1 Rgb8 27.
Bf2 Kd5 28. a5 Ra6 29. Rfa3 c6 30. Ra4 Bd8 31. Be1 Rb3 32. Rd1 g5 33. Kf2 g4
34. g3 Bg5 35. Ke2 f4 36. Bd2 f3+ 37. Kf1 Rd3 0-1

[Event "V. Solinger Karnevals-Open"]
[Site "Solingen"]
[Date "2014.02.28"]
[Round "1.7"]
[White "Pröttel, Swen"]
[Black "Günaydin, Alperen"]
[Result "1-0"]
[WhiteElo "2207"]
[BlackElo "1708"]
[PlyCount "79"]
[EventDate "2014.??.??"]
[WhiteTeam "OSC Rheinhausen 04 e.V."]
[BlackTeam "OSC Rheinhausen 04 e.V."]

1. e4 c5 2. Nf3 Nc6 3. d3 g6 4. g3 Bg7 5. Bg2 e6 6. O-O Nge7 7. Re1 d6 8. c3
O-O 9. Nbd2 b5 10. Nf1 b4 11. d4 Qa5 12. cxb4 Qxb4 13. a3 Qb6 14. d5 Nd4 15.
Nxd4 Bxd4 16. Bg5 f6 17. Bh6 Re8 18. Rb1 exd5 19. exd5 Bf5 20. Be4 Bxe4 21.
Rxe4 Nxd5 22. Qe2 Re5 23. Qc4 Rae8 24. Rxe5 Rxe5 25. Bf4 Rf5 26. Ne3 Bxe3 27.
fxe3 Kg7 28. e4 Rxf4 29. gxf4 Nxf4 30. Kh1 Qb7 31. b4 Nh3 32. Qd5 Qxd5 33. exd5
Nf2+ 34. Kg2 Ne4 35. bxc5 Nxc5 36. Rb8 a6 37. Rb6 Kf7 38. Rxd6 Ke7 39. Rc6 Ne4
40. Re6+ 1-0

[Event "V. Solinger Karnevals-Open"]
[Site "Solingen"]
[Date "2014.02.28"]
[Round "1.8"]
[White "Lückerath, Moritz"]
[Black "Nagel, Bernhard"]
[Result "1-0"]
[WhiteElo "1700"]
[BlackElo "2191"]
[PlyCount "131"]
[EventDate "2014.??.??"]
[WhiteTeam "Düsseldorfer SK 14/25 e."]
[BlackTeam "Wiesbadener SV 1885"]

1. e4 e5 2. Nf3 Nc6 3. Bb5 g6 4. O-O Bg7 5. Re1 a6 6. Ba4 d6 7. c3 Bd7 8. d4 h6
9. d5 Nce7 10. Bxd7+ Qxd7 11. c4 f5 12. Nc3 Nf6 13. Rb1 O-O 14. b4 g5 15. exf5
Qxf5 16. Be3 Ng6 17. c5 Ng4 18. cxd6 Nxe3 19. Rxe3 cxd6 20. Ne4 Rad8 21. Rc1
Nf4 22. Rc7 Rf7 23. Qc2 Rxc7 24. Qxc7 Qd7 25. Qc4 Rc8 26. Qb3 Qg4 27. Ng3 Rc1+
28. Re1 Qc8 29. Ne4 Rxe1+ 30. Nxe1 Qc1 31. Kf1 Bf8 32. g3 Ng6 33. Qc2 Qxc2 34.
Nxc2 Kf7 35. Ne3 Ke7 36. Nf5+ Kd7 37. Nf6+ Kc7 38. a4 Kd8 39. Ng8 h5 40. Nf6 h4
41. Ne4 hxg3 42. hxg3 Be7 43. Nfxd6 Kc7 44. Ne8+ Kd7 45. d6 Kxe8 46. dxe7 Kxe7
47. Nxg5 Kd6 48. Ke2 Ne7 49. Kd3 Nd5 50. Nf7+ Ke6 51. Nd8+ Kf5 52. Nxb7 Nxb4+
53. Kc4 Nc2 54. Nc5 e4 55. Nxa6 e3 56. fxe3 Nxe3+ 57. Kc5 Ke6 58. Kc6 Nc4 59.
Nc7+ Kf5 60. Kc5 Nd2 61. Kb4 Ne4 62. a5 Nd6 63. a6 Nc8 64. Kc5 Ke5 65. Kc6 Kf6
66. Kb7 1-0

[Event "V. Solinger Karnevals-Open"]
[Site "Solingen"]
[Date "2014.02.28"]
[Round "1.9"]
[White "Heinert, Eugen"]
[Black "Rieger, Isabelle"]
[Result "1-0"]
[WhiteElo "2169"]
[BlackElo "1692"]
[PlyCount "45"]
[EventDate "2014.??.??"]
[WhiteTeam "OSC Rheinhausen 04 e.V."]
[BlackTeam "SV Fideler Bauer Lever"]

1. Nf3 Nf6 2. c4 g6 3. d4 Bg7 4. Nc3 O-O 5. g3 d6 6. Bg2 Na6 7. O-O c5 8. b3
cxd4 9. Nxd4 Nc7 10. Bb2 Rb8 11. Qd2 Bd7 12. Rac1 a6 13. Rc2 Ne6 14. Rd1 Ng4
15. Nd5 Nf6 16. Nxf6+ Bxf6 17. Nxe6 fxe6 18. c5 d5 19. Bxf6 exf6 20. e4 d4 21.
Qxd4 Bc6 22. Bh3 Kf7 23. Bxe6+ 1-0

[Event "V. Solinger Karnevals-Open"]
[Site "Solingen"]
[Date "2014.02.28"]
[Round "1.10"]
[White "Rist, Kurt"]
[Black "Vogt, Thomas"]
[Result "1-0"]
[WhiteElo "1680"]
[BlackElo "2139"]
[PlyCount "77"]
[EventDate "2014.??.??"]
[WhiteTeam "SG Solingen e.V."]
[BlackTeam "SVigung Düren 13 Deric"]

1. Nf3 c5 2. c4 Nc6 3. Nc3 g6 4. e3 Bg7 5. d4 cxd4 6. exd4 d6 7. Be2 Nf6 8. O-O
O-O 9. Bg5 h6 10. Bh4 Bf5 11. Qd2 Kh7 12. Rfd1 Rc8 13. Bg3 Ne4 14. Nxe4 Bxe4
15. Qe3 d5 16. Rac1 Qb6 17. cxd5 Bxd5 18. b3 Bxf3 19. Bxf3 Bxd4 20. Qf4 Bg7 21.
Qg4 f5 22. Qh3 Nd4 23. Rxc8 Rxc8 24. Bf4 e5 25. Be3 Rc2 26. Bd5 Qd6 27. Bxd4
exd4 28. Qd3 Rxa2 29. Qc4 Qb8 30. Re1 h5 31. g3 b6 32. Bf7 b5 33. Qe6 Qb6 34.
Qe8 Qf6 35. Re6 Ra1+ 36. Kg2 Qg5 37. Bxg6+ Kh6 38. Bxf5+ Bf6 39. Qh8# 1-0

[Event "V. Solinger Karnevals-Open"]
[Site "Solingen"]
[Date "2014.02.28"]
[Round "1.11"]
[White "Naundorf, Maik"]
[Black "Lehmann, Tornalf"]
[Result "1-0"]
[WhiteElo "2130"]
[BlackElo "1645"]
[PlyCount "43"]
[EventDate "2014.??.??"]
[WhiteTeam "SK Königsspringer Iserlo"]
[BlackTeam "SC Heilsbronn 1951 e.V."]

1. c4 b6 2. Nc3 Bb7 3. e4 e5 4. Nf3 Nc6 5. d4 exd4 6. Nxd4 Bb4 7. Nde2 Qh4 8.
a3 Qxe4 9. axb4 Qxc4 10. b5 Ne5 11. Nf4 Qc5 12. Be3 Qe7 13. Nfd5 Qd8 14. Bd4 d6
15. f4 Bxd5 16. Nxd5 f6 17. fxe5 fxe5 18. Bf2 Nf6 19. Bc4 h6 20. O-O Rf8 21.
Qd3 Kd7 22. Qf5+ 1-0

[Event "V. Solinger Karnevals-Open"]
[Site "Solingen"]
[Date "2014.02.28"]
[Round "1.12"]
[White "Vishanji, Franz"]
[Black "Flesch, Dr. Stefan"]
[Result "0-1"]
[WhiteElo "1616"]
[BlackElo "2106"]
[PlyCount "129"]
[EventDate "2014.??.??"]
[WhiteTeam "SV Turm Drolshagen 04"]
[BlackTeam "Düsseldorfer SK 14/25 e."]

1. e4 g6 2. d4 Bg7 3. g3 d6 4. Bg2 Nf6 5. Ne2 O-O 6. O-O e5 7. c3 Nc6 8. Na3
exd4 9. cxd4 Re8 10. Nc3 Bg4 11. Qa4 Nd7 12. d5 Nb6 13. Qc2 Nb4 14. Qb3 Na6 15.
Be3 Qd7 16. Rfe1 Bh3 17. Bh1 h5 18. Ne2 Qa4 19. Qxa4 Nxa4 20. Bd4 N4c5 21. Bxg7
Kxg7 22. Nf4 Bd7 23. Nc2 Na4 24. Nd4 Nxb2 25. Reb1 Na4 26. Rxb7 N4c5 27. Rbb1
Nxe4 28. Re1 Nec5 29. Bf3 Rxe1+ 30. Rxe1 Re8 31. Rxe8 Bxe8 32. Nc6 Bxc6 33.
dxc6 Nb4 34. Nd5 Nxd5 35. Bxd5 g5 36. Kg2 Ne6 37. Kf3 Kf6 38. Ke4 g4 39. a3 Kg5
40. Ba2 Nc5+ 41. Ke3 Kf6 42. Bb1 Ke5 43. Bc2 d5 44. f3 d4+ 45. Ke2 gxf3+ 46.
Kxf3 d3 47. Bd1 Kd4 48. Kf4 Ne6+ 49. Kf5 Ke3 50. Kf6 Nd4 51. Ke7 Nxc6+ 52. Kd7
Ne5+ 53. Kxc7 Nf3 54. a4 Nxh2 55. Bxh5 d2 56. Bd1 Kd4 57. Kc6 Nf1 58. a5 Ne3
59. Bh5 d1=Q 60. Bxd1 Nxd1 61. a6 Nc3 62. Kb7 Nb5 63. Kc6 Kc4 64. g4 f6 65. Kd7
0-1

[Event "V. Solinger Karnevals-Open"]
[Site "Solingen"]
[Date "2014.02.28"]
[Round "1.13"]
[White "Görke, Joachim"]
[Black "Gula, Julian"]
[Result "1/2-1/2"]
[WhiteElo "2096"]
[BlackElo "1586"]
[PlyCount "63"]
[EventDate "2014.??.??"]
[WhiteTeam "SG Solingen e.V."]
[BlackTeam "Verein f. Sport u. Freizeit v. 1"]

1. d4 Nf6 2. Nf3 g6 3. c4 Bg7 4. Nc3 O-O 5. e4 d6 6. Bg5 h6 7. Bh4 Nbd7 8. Qd2
e5 9. O-O-O Qe8 10. Nb5 Qd8 11. dxe5 dxe5 12. Nxe5 Nxe4 13. Bxd8 Nxd2 14. Be7
Bxe5 15. Bxf8 Nxf1 16. Bxh6 Nxh2 17. f4 a6 18. Na3 Ng4 19. fxe5 Nf2 20. Rhe1
Nxd1 21. Rxd1 Nxe5 22. Rd8+ Kh7 23. Bf4 f6 24. Bxe5 fxe5 25. Re8 Kh6 26. Rxe5
Bd7 27. Re7 Bc6 28. g3 Rf8 29. Nc2 Rf1+ 30. Kd2 Rf2+ 31. Kc1 Rf1+ 32. Kd2
1/2-1/2

[Event "V. Solinger Karnevals-Open"]
[Site "Solingen"]
[Date "2014.02.28"]
[Round "1.14"]
[White "Breuer, Cindy"]
[Black "Kolthoff, Siegmund"]
[Result "0-1"]
[WhiteElo "1540"]
[BlackElo "2087"]
[PlyCount "74"]
[EventDate "2014.??.??"]
[WhiteTeam "SK Xanten e.V."]
[BlackTeam "Blau-Weiss Buchholz"]

1. Nf3 c5 2. c4 Nf6 3. Nc3 e6 4. e3 Be7 5. d4 cxd4 6. exd4 d5 7. b3 O-O 8. Bd3
dxc4 9. bxc4 b6 10. O-O Bb7 11. Be2 Nc6 12. Be3 Rc8 13. a3 Na5 14. Nd2 Qd7 15.
Qa4 Bc6 16. Qc2 Qb7 17. f3 Rfd8 18. c5 Nd5 19. Bf2 Nf4 20. Rfb1 Nxe2+ 21. Nxe2
Qa6 22. Ng3 bxc5 23. dxc5 Qd3 24. Qxd3 Rxd3 25. Nde4 Nc4 26. a4 Rcd8 27. a5 f5
28. Nd6 Nxd6 29. cxd6 Bf6 30. Rd1 R3xd6 31. Rxd6 Rxd6 32. Rb1 a6 33. Rb6 Rd1+
34. Nf1 Bb5 35. Rxb5 axb5 36. a6 Ra1 37. a7 b4 0-1

[Event "V. Solinger Karnevals-Open"]
[Site "Solingen"]
[Date "2014.02.28"]
[Round "1.15"]
[White "Täger, Torsten"]
[Black "Breuer, Leon"]
[Result "1-0"]
[WhiteElo "2068"]
[BlackElo "1485"]
[PlyCount "47"]
[EventDate "2014.??.??"]
[WhiteTeam "SV Lahn Limburg"]
[BlackTeam "SK Xanten e.V."]

1. e4 e6 2. d3 d5 3. Nd2 Nf6 4. Ngf3 Nc6 5. g3 Bc5 6. Bg2 Bd7 7. O-O Bb6 8. c3
dxe4 9. dxe4 Qe7 10. Qe2 e5 11. Nc4 Be6 12. Ncxe5 Nxe5 13. Nxe5 Bxa2 14. Qb5+
c6 15. Nxc6 Qd7 16. Rxa2 bxc6 17. Qxb6 axb6 18. Rxa8+ Ke7 19. Rxh8 Qd6 20. Bf4
Qd7 21. e5 Nd5 22. Bg5+ f6 23. Rxh7 Ke6 24. exf6 1-0

[Event "V. Solinger Karnevals-Open"]
[Site "Solingen"]
[Date "2014.02.28"]
[Round "1.16"]
[White "Theysen, Jens"]
[Black "Klamp, Christoph"]
[Result "0-1"]
[WhiteElo "1439"]
[BlackElo "2064"]
[PlyCount "84"]
[EventDate "2014.??.??"]
[WhiteTeam "vereinslos"]
[BlackTeam "SV Schachforum Darmstadt 1994"]

1. c4 f5 2. d4 Nf6 3. Nf3 g6 4. e3 Bg7 5. Nc3 d6 6. Be2 O-O 7. O-O Nc6 8. a3 e5
9. d5 Nb8 10. Rb1 h6 11. b4 a5 12. b5 Nbd7 13. Nd2 Nc5 14. a4 b6 15. Ba3 Qe7
16. Bxc5 dxc5 17. e4 Ne8 18. Bf3 Nd6 19. Re1 Bd7 20. Qe2 Rae8 21. Nd1 Bf6 22.
Rb3 Bg5 23. Nb2 Qg7 24. Nf1 Qf6 25. g3 fxe4 26. Bg2 h5 27. Ne3 Bxe3 28. Qxe3
Nf5 29. Qd2 Nd4 30. Rbe3 Bg4 31. Bxe4 Bf3 32. Bb1 e4 33. Rc1 Qf5 34. Qe1 Qg4
35. Bc2 Ne2+ 36. Rxe2 Bxe2 37. Bd1 Bf3 38. Bxf3 exf3 39. Qf1 h4 40. h3 Qd4 41.
Rc2 hxg3 42. Nd1 g2 0-1

[Event "V. Solinger Karnevals-Open"]
[Site "Solingen"]
[Date "2014.02.28"]
[Round "1.18"]
[White "Härtel, Stephan"]
[Black "Zolfagharian, Kevin"]
[Result "1-0"]
[WhiteElo "1926"]
[BlackElo "2058"]
[PlyCount "53"]
[EventDate "2014.??.??"]
[WhiteTeam "SV Turm 25 Bergheim"]
[BlackTeam "SG Solingen e.V."]

1. e4 c5 2. d4 cxd4 3. c3 Nf6 4. e5 Nd5 5. Nf3 Nc6 6. Bc4 Nb6 7. Bb3 d6 8. exd6
Qxd6 9. O-O Be6 10. Na3 dxc3 11. Nb5 Qb8 12. Bxe6 fxe6 13. Ng5 a6 14. Qh5+ g6
15. Qf3 Ne5 16. Qxc3 Nd5 17. Qd4 axb5 18. Nxe6 Nf6 19. Bf4 Nfd7 20. Bxe5 Nxe5
21. f4 Ra6 22. Rad1 Rxe6 23. fxe5 Qc7 24. Qd5 Qc8 25. Qf3 Rd6 26. exd6 Qe6 27.
d7+ 1-0

[Event "V. Solinger Karnevals-Open"]
[Site "Solingen"]
[Date "2014.02.28"]
[Round "1.19"]
[White "Lindam, Ingo"]
[Black "Luig, Benjamin"]
[Result "1-0"]
[WhiteElo "2048"]
[BlackElo "1877"]
[PlyCount "43"]
[EventDate "2014.??.??"]
[WhiteTeam "Kölner SK Dr. Lasker 186"]
[BlackTeam "Post-Telekom SV 1925 Aachen e.V."]

1. d4 d5 2. Nf3 Nf6 3. Bf4 c6 4. Nbd2 Bf5 5. c4 e6 6. Qb3 Qb6 7. c5 Qxb3 8.
axb3 Nbd7 9. h3 Be7 10. b4 O-O 11. e3 a6 12. Nb3 Ne8 13. b5 Bc2 14. bxc6 Bxb3
15. cxb7 Rb8 16. Bxa6 Bd8 17. c6 Nc7 18. Bd6 Nb6 19. Bd3 Ba4 20. Ne5 Bxc6 21.
Nxc6 Rxb7 22. Bxf8 1-0

[Event "V. Solinger Karnevals-Open"]
[Site "Solingen"]
[Date "2014.02.28"]
[Round "1.20"]
[White "Rofalski, Stefan"]
[Black "Bosbach, Jens"]
[Result "1-0"]
[WhiteElo "1823"]
[BlackElo "2021"]
[PlyCount "79"]
[EventDate "2014.??.??"]
[WhiteTeam "Rheydter SV 1920"]
[BlackTeam "Langenfelder SF 1933"]

1. d4 Nf6 2. c4 e6 3. Nc3 d5 4. cxd5 exd5 5. Bg5 Be7 6. e3 c6 7. Bd3 h6 8. Bh4
O-O 9. Qc2 Re8 10. Nf3 Be6 11. O-O Nbd7 12. Rab1 Nf8 13. b4 a6 14. a4 Nh5 15.
Bxe7 Qxe7 16. Ne5 Rec8 17. Rfc1 Nf6 18. Ne2 Ng4 19. Nf3 Bd7 20. Qd2 Nf6 21. Ne5
Be8 22. Bf5 Ne6 23. Nf4 Ne4 24. Qc2 Nd6 25. Bg4 Rd8 26. Nxe6 fxe6 27. f4 Qf6
28. Rf1 h5 29. Be2 Nf5 30. Qd3 Rac8 31. Rf3 Rc7 32. Rh3 g6 33. g4 Ng7 34. Kh1
Kf8 35. Rg1 hxg4 36. Rh8+ Ke7 37. Rxg4 Nf5 38. Rh3 Kd6 39. b5 cxb5 40. Qa3+ 1-0

[Event "V. Solinger Karnevals-Open"]
[Site "Solingen"]
[Date "2014.02.28"]
[Round "1.21"]
[White "Gorzinski, Dariusz"]
[Black "Bussard, Achim"]
[Result "1-0"]
[WhiteElo "2018"]
[BlackElo "1792"]
[PlyCount "91"]
[EventDate "2014.??.??"]
[WhiteTeam "Märkischer Springer Halver-Schal"]
[BlackTeam "SG Niederkassel"]

1. e4 Nf6 2. e5 Nd5 3. d4 d6 4. c4 Nb6 5. exd6 exd6 6. Bd3 Nc6 7. Ne2 Bg4 8. f3
Bh5 9. Be3 Bg6 10. a3 Qe7 11. Bf2 O-O-O 12. O-O Bxd3 13. Qxd3 g6 14. b4 Bg7 15.
Nbc3 f5 16. Nf4 Qf7 17. Nfd5 Rde8 18. Nxb6+ axb6 19. Rac1 g5 20. Nb5 Kb8 21.
Qc2 Re7 22. Qa4 d5 23. c5 Rhe8 24. cxb6 cxb6 25. Nd6 Qg6 26. Nxe8 Rxe8 27. Rcd1
f4 28. Qb5 g4 29. fxg4 Qxg4 30. Qxd5 Re2 31. Qf3 Qxf3 32. gxf3 Ra2 33. Rd3 b5
34. Re1 Kc7 35. Re4 Ra1+ 36. Kg2 Ra2 37. Rxf4 Bh6 38. Rh4 Bg5 39. Rxh7+ Kd6 40.
h4 Bf6 41. Kg3 Rc2 42. Rh6 Ke7 43. Be3 Kf7 44. Rh7+ Kg6 45. Rxb7 Ne7 46. Rxb5
1-0

[Event "V. Solinger Karnevals-Open"]
[Site "Solingen"]
[Date "2014.02.28"]
[Round "1.22"]
[White "Winand, Michael"]
[Black "Speck, Stefan"]
[Result "0-1"]
[WhiteElo "1680"]
[BlackElo "2001"]
[PlyCount "62"]
[EventDate "2014.??.??"]
[WhiteTeam "Aachener SV 1856 e.V."]
[BlackTeam "SC Solingen 1928 e.V."]

1. e4 c6 2. d4 d5 3. Nd2 dxe4 4. Nxe4 Bf5 5. Ng3 Bg6 6. N1e2 h6 7. Nf4 Bh7 8.
Bc4 Nf6 9. O-O Nbd7 10. Qe2 Nb6 11. Bb3 a5 12. a3 a4 13. Ba2 Nbd5 14. Nd3 e6
15. c4 Nc7 16. Be3 Be7 17. Rad1 O-O 18. Nf4 Qe8 19. Nfh5 Bg6 20. Bf4 Rc8 21.
Be5 Nxh5 22. Nxh5 f6 23. Nxg7 Kxg7 24. Bxc7 Rxc7 25. Qxe6 Qd7 26. Rfe1 Qxe6 27.
Rxe6 Bf7 28. Re3 Bd6 29. Rde1 b5 30. c5 Bxh2+ 31. Kxh2 Bxa2 0-1

[Event "V. Solinger Karnevals-Open"]
[Site "Solingen"]
[Date "2014.02.28"]
[Round "1.23"]
[White "Esser, Thomas"]
[Black "Lukoviczki, Matyas"]
[Result "0-1"]
[WhiteElo "1984"]
[BlackElo "1678"]
[PlyCount "94"]
[EventDate "2014.??.??"]
[WhiteTeam "SV Horrem 1948"]
[BlackTeam "Sportgemeinschaft Kaarst 1912/35"]

1. d4 Nf6 2. c4 e5 3. dxe5 Ng4 4. Nf3 Nc6 5. Bf4 Bb4+ 6. Nbd2 Qe7 7. e3 Ngxe5
8. Nxe5 Nxe5 9. Be2 d6 10. O-O Be6 11. Qa4+ Nc6 12. Nb1 g5 13. Bg3 h5 14. Bf3
Bd7 15. Bxc6 Bxc6 16. Qxb4 h4 17. Bxd6 cxd6 18. Nc3 h3 19. Rfd1 O-O-O 20. Nd5
Bxd5 21. cxd5 hxg2 22. Qg4+ f5 23. Qxf5+ Kb8 24. Qg4 Rh4 25. Qg3 Rdh8 26. Rac1
Qd7 27. Rd4 Rxd4 28. exd4 Rh4 29. Qxg5 Rg4 30. Qf6 Rg8 31. Qe6 Qd8 32. Re1 a6
33. Qf7 Rh8 34. Re7 Qc8 35. Qg7 Rh5 36. Re3 Qc4 37. Qxg2 Qc1+ 38. Qf1 Qxb2 39.
Rb3 Qxd4 40. Qb1 Qxd5 41. Rg3 Re5 42. Qb4 Qd1+ 43. Kg2 Re1 44. Kh3 Re5 45. Qc4
Rc5 46. Qf4 Qf1+ 47. Kh4 Rc4 0-1

[Event "V. Solinger Karnevals-Open"]
[Site "Solingen"]
[Date "2014.02.28"]
[Round "1.24"]
[White "Wiedemann, Jan"]
[Black "Chittka, Julius"]
[Result "1-0"]
[WhiteElo "1611"]
[BlackElo "1967"]
[PlyCount "65"]
[EventDate "2014.??.??"]
[WhiteTeam "SC Heilsbronn 1951 e.V."]
[BlackTeam "Verein f. Sport u. Freizeit v. 1"]

1. d4 Nf6 2. Nf3 g6 3. Bg5 Bg7 4. e3 O-O 5. h3 d5 6. Bd3 c5 7. c3 Nc6 8. O-O
Qb6 9. Qb3 c4 10. Qxb6 axb6 11. Bc2 b5 12. Nbd2 b4 13. Bf4 Nd7 14. e4 bxc3 15.
bxc3 e6 16. Rfe1 Nf6 17. Ne5 Nh5 18. Nxc6 Nxf4 19. Ne7+ Kh8 20. Nxc8 Rfxc8 21.
a4 b5 22. e5 Bh6 23. Nf3 Nd3 24. Reb1 bxa4 25. Bxa4 Rcb8 26. Bc6 Rxa1 27. Rxa1
Rb2 28. Be8 Rxf2 29. Bxf7 Be3 30. Kh1 Nf4 31. Ng5 Nxg2 32. Nxe6 h6 33. Bxg6 1-0

[Event "V. Solinger Karnevals-Open"]
[Site "Solingen"]
[Date "2014.02.28"]
[Round "1.25"]
[White "Drose, Daniela"]
[Black "Botvinnik, Alexander"]
[Result "1-0"]
[WhiteElo "1954"]
[BlackElo "1579"]
[PlyCount "61"]
[EventDate "2014.??.??"]
[WhiteTeam "Aachener SV 1856 e.V."]
[BlackTeam "Düsseldorfer SK 14/25 e."]

1. c4 e6 2. d4 d5 3. g3 Nf6 4. Bg2 Bb4+ 5. Nc3 O-O 6. Nf3 Nbd7 7. O-O Rb8 8.
Nd2 Nb6 9. c5 Bxc3 10. bxc3 Na8 11. e4 dxe4 12. Nxe4 c6 13. Bg5 Nc7 14. Nxf6+
gxf6 15. Bh6 Kh8 16. Bxf8 Qxf8 17. Qh5 Qg8 18. Qh4 Ne8 19. Rab1 Qg5 20. Qxg5
fxg5 21. Bxc6 Nf6 22. c4 Kg7 23. d5 exd5 24. cxd5 Bf5 25. Rxb7 Rxb7 26. Bxb7
Be4 27. f3 Bxd5 28. Bxd5 Nxd5 29. c6 Kf6 30. Rd1 Nb6 31. c7 1-0

[Event "V. Solinger Karnevals-Open"]
[Site "Solingen"]
[Date "2014.02.28"]
[Round "1.26"]
[White "Kissing, Bastian"]
[Black "Buss, Harald"]
[Result "1/2-1/2"]
[WhiteElo "1563"]
[BlackElo "1945"]
[PlyCount "60"]
[EventDate "2014.??.??"]
[WhiteTeam "SC Tornado Wuppertal 199"]
[BlackTeam "Schach Nienberge 2003"]

1. e4 c5 2. Nf3 e6 3. b3 Nc6 4. d4 cxd4 5. Nxd4 Bc5 6. Nxc6 Qf6 7. Be3 Bxe3 8.
fxe3 bxc6 9. Qd4 e5 10. Qb4 Ne7 11. Nc3 Qh6 12. Kf2 Qf6+ 13. Ke1 O-O 14. Rd1
Ng6 15. Qd6 Qg5 16. Qd2 Kh8 17. Bc4 Nh4 18. Bf1 d6 19. Qf2 Qe7 20. g3 Ng6 21.
Qd2 Bg4 22. Be2 Bxe2 23. Qxe2 Rfd8 24. Rf1 f6 25. Qh5 Qb7 26. Qe2 Rac8 27. Qd2
Qb4 28. Kf2 Nf8 29. Qd3 Ng6 30. Rd2 Ne7 1/2-1/2

[Event "V. Solinger Karnevals-Open"]
[Site "Solingen"]
[Date "2014.02.28"]
[Round "1.27"]
[White "Herzum, Peter"]
[Black "Müller, Adrian"]
[Result "1-0"]
[WhiteElo "1945"]
[BlackElo "1453"]
[PlyCount "55"]
[EventDate "2014.??.??"]
[WhiteTeam "Düsseldorfer SK 14/25 e."]
[BlackTeam "SV Fideler Bauer Lever"]

1. e4 e5 2. Nf3 Nc6 3. Bb5 a6 4. Ba4 Nf6 5. O-O Be7 6. Re1 b5 7. Bb3 d6 8. c3
O-O 9. h3 Bb7 10. d3 Re8 11. Nbd2 h6 12. Nf1 Bf8 13. Ne3 g6 14. a4 Bg7 15. Nh2
Qd7 16. Nhg4 Nxg4 17. Nxg4 Kh7 18. Bxh6 f5 19. Bxg7 fxg4 20. Bf6 Rf8 21. Bg5
gxh3 22. Re3 hxg2 23. Kxg2 Kg7 24. axb5 axb5 25. Rxa8 Bxa8 26. Rh3 Rxf2+ 27.
Kg3 Na5 28. Rh7+ 1-0